|
|
|
|
| LEADER |
00000nam0a2200000 4500 |
| 001 |
330152 |
| 005 |
20231102004231.0 |
| 035 |
|
|
|a (RuTPU)RU\TPU\book\355925
|
| 090 |
|
|
|a 330152
|
| 100 |
|
|
|a 20170329d1914 k y0rusy50 ca
|
| 101 |
0 |
|
|a rus
|
| 102 |
|
|
|a RU
|
| 105 |
|
|
|a a z 001zy
|
| 200 |
1 |
|
|a Предварительный отчет о геологических исследованиях в низовьях Аму-Дарьи
|e (лист 1-ый ряда IV-го и листы 1-ый и 2-ой ряда V-го десятиверстной карты Туркестана)
|e отдельный оттиск
|f А. Д. Архангельский
|g Российская империя, Геологический комитет (ГЕОЛКОМ)
|
| 210 |
|
|
|a Петроград
|c Типография М. М. Стасюлевича
|d 1914
|
| 215 |
|
|
|a 628 с.
|c ил.
|e 1 табл.
|
| 225 |
1 |
|
|a Известия Геологического Комитета
|v Т. 33, № 252
|
| 320 |
|
|
|a Библиогр. в примеч.
|
| 606 |
1 |
|
|a Геологические исследования
|2 stltpush
|3 (RuTPU)RU\TPU\subj\6042
|9 34006
|
| 610 |
1 |
|
|a фосфориты
|
| 610 |
1 |
|
|a Амударья
|
| 610 |
1 |
|
|a песчаные грунты
|
| 610 |
1 |
|
|a берега
|
| 610 |
1 |
|
|a разрезы
|
| 610 |
1 |
|
|a ископаемые
|
| 610 |
1 |
|
|a породы
|
| 675 |
|
|
|a 55
|v 4
|
| 700 |
|
1 |
|a Архангельский
|b А. Д.
|c российский геолог
|f 1879-1940
|g Андрей Дмитриевич
|2 stltpush
|3 (RuTPU)RU\TPU\pers\11466
|9 2660
|
| 712 |
0 |
1 |
|a Российская империя
|b Геологический комитет (ГЕОЛКОМ)
|c (1882-1917)
|2 stltpush
|3 (RuTPU)RU\TPU\col\22317
|
| 801 |
|
1 |
|a RU
|b 63413507
|c 20170329
|
| 801 |
|
2 |
|a RU
|b 63413507
|c 20170413
|g RCR
|
| 942 |
|
|
|c BK
|